| 000 | 00630nam a2200217 a 4500 | ||
|---|---|---|---|
| 001 | 15074 | ||
| 003 | CO-ViMGA | ||
| 008 | 141112s2004 ck r 000 u spa d | ||
| 020 | _a9586990001 | ||
| 040 |
_aCO-ViMGA _bspa _cCO-ViMGA |
||
| 082 | 0 | 4 | _a540 P337 - 11 |
| 100 | 1 |
_aPedrozo P., Julio Armando; Torrenegra G., Ruben Dario _921914 |
|
| 245 | 1 | 0 | _aExploremos la Química 11 |
| 260 |
_aBogotá, _cPrentice Hall, _c2000 |
||
| 300 | _a448.p. | ||
| 500 | _aEn : Evaluación por competencias | ||
| 505 | _aQuímica 11 | ||
| 650 | 1 | 4 |
_aQUIMICA ENSEÑANZA SECUNDARIA _921915 |
| 650 | 1 | 4 |
_aQUIMICA ORGANICA _916925 |
| 942 |
_2ddc _cBK |
||
| 999 |
_c25500 _d25500 |
||